Elementos de historia general y de historia patria para el primer año de instrucción primaria superior.
Saved in:
| Main Author: | |
|---|---|
| Format: | Book |
| Language: | Spanish |
| Published: |
México
Herrero Hnos. Sucs.
1942
|
| Edition: | 19a. ed. |
| Textbook Catalogue: | MANES: Library Catalog Search Result |
| Textbook Classification: |
|
| Tags: |
Add Tag
No Tags, Be the first to tag this record!
|
| Added to: | 2018-04-23 |
| Changed in: | 2018-05-24 |
MARC
| LEADER | 00000nam a22000007a 4500 | ||
|---|---|---|---|
| 005 | 20180525012323.0 | ||
| 008 | 180424b xxu||||| |||| 00| 0 spa d | ||
| 040 | |a centro_manes |c universidad_colima | ||
| 100 | |9 16874 |a Cadena, Longinos. | ||
| 245 | |a Elementos de historia general y de historia patria para el primer año de instrucción primaria superior. | ||
| 250 | |a 19a. ed. | ||
| 260 | |a México |b Herrero Hnos. Sucs. |c 1942 | ||
| 300 | |a 196 p. |c 19 cm | ||
| 500 | |a Aparece: Francisco Ziga, "Bibliografía Pedagógica. Libros de texto para enseñanza primaria:1850-1970 V. Libros de Historia" en Boletín del Instituto de Investigaciones Bibliográficas 1981-1982, Biblioteca Nacional, Hemeroteca Nacional, Universidad Nacional Autónoma de México, Nos. 18 - 19,p. 114. |a ils. (Instrucción Primaria Superior) | ||
| 546 | |a México | ||
| 690 | 0 | |a HI | |
| 691 | 0 | |a PRI | |
| 942 | |2 ddc |c BK | ||
| 999 | |c 50530 |d 50530 | ||
| 999 | |c manes:50530 |d 50530 | ||